000 00410nam a22001697a 4500
005 20180710105936.0
008 160525b xxu||||| |||| 00| 0 eng d
020 _a81-7556-430-X
041 _aeng
082 _b4804
_a658.15
100 _aSrivastava, R.M
_94498
245 _aFinancial Management
260 _aNew Delhi
_bAcademic Faundation
300 _a700p,
650 _aManagement
_9241
942 _cBK
999 _c1636
_d1635